[Event "Kaupthing Open"]
[Site "Differdange LUX"]
[Date "2007.07.09"]
[Round "4"]
[White "Penzel,N"]
[Black "Berend,E"]
[Result "1-0"]
[WhiteElo "2002"]
[BlackElo "2340"]

1.d4 Nf6 2.Nf3 g6 3.c4 Bg7 4.Nc3 O-O 5.e4 d6 6.Be2 e5 7.O-O Nc6 8.d5 Ne7
9.Ne1 Nd7 10.Be3 f5 11.f3 a5 12.Nd3 Nf6 13.c5 f4 14.Bf2 g5 15.Rc1 h5 16.cxd6 cxd6
17.Nb5 Ne8 18.Nc7 Nxc7 19.Bb6 Ng6 20.Rxc7 Qf6 21.Nf2 Nh4 22.h3 Qg6 23.Qc2 g4
24.fxg4 f3 25.Bxf3 Bh6 26.Re1 Bf4 27.Be3 Qf6 28.Bxf4 Qxf4 29.Qc1 hxg4 30.Qxf4 exf4
31.hxg4 Ng6 32.Nd3 Re8 33.Kf2 Ne5 34.Nxe5 Rxe5 35.Rec1 Re8 36.Rh1 Ra6 37.Rch7  1-0

[Event "WGM"]
[Site "Bad Homburg GER"]
[Date "2007.07.10"]
[Round "5"]
[White "Michna,Mart"]
[Black "Kachiani,K"]
[Result "1/2-1/2"]
[WhiteElo "2377"]
[BlackElo "2405"]

1.d4 Nf6 2.c4 g6 3.Nc3 Bg7 4.e4 d6 5.Be2 O-O 6.Nf3 e5 7.O-O Nc6 8.dxe5 dxe5
9.Bg5 Qxd1 10.Rfxd1 Bg4 11.h3 Bxf3 12.Bxf3 Nd4 13.Nd5 Nxd5 14.cxd5 f5 15.Rac1 Rf7
16.Kf1 Nxf3 17.gxf3 Bf8 18.Be3 fxe4  1/2-1/2

[Event "6th Open"]
[Site "La Fere FRA"]
[Date "2007.07.11"]
[Round "6"]
[White "Goldsztejn,G"]
[Black "Tirard,H"]
[Result "1/2-1/2"]
[WhiteElo "2339"]
[BlackElo "2476"]

1.d4 Nf6 2.c4 g6 3.Nc3 Bg7 4.e4 d6 5.Be2 O-O 6.Nf3 e5 7.O-O Nc6 8.d5 Ne7
9.b4 Nh5 10.Re1 f5 11.Ng5 Nf6 12.Bf3 c6 13.b5 h6 14.Ne6 Bxe6 15.dxe6 fxe4
16.Nxe4 Nxe4 17.Bxe4 d5 18.cxd5 cxd5 19.Ba3 dxe4 20.Qxd8 Rfxd8 21.Bxe7 Re8
22.Bc5 Rxe6 23.Be3 a6 24.bxa6 Rexa6 25.Rab1 Rxa2 26.Rxb7 Ra1  1/2-1/2

[Event "Lake Sevan"]
[Site "Martuni ARM"]
[Date "2007.07.12"]
[Round "7"]
[White "Vovk,Y"]
[Black "Li Chao"]
[Result "1-0"]
[WhiteElo "2523"]
[BlackElo "2320"]

1.d4 Nf6 2.c4 g6 3.Nc3 Bg7 4.e4 O-O 5.Nf3 d6 6.Be2 e5 7.O-O Nc6 8.d5 Ne7
9.b4 Nh5 10.Re1 f5 11.Ng5 Nf6 12.Bf3 c6 13.Ba3 a6 14.Qb3 cxd5 15.exd5 Ne8
16.Rad1 e4 17.Be2 Be5 18.c5 b5 19.Bb2 Nf6 20.g3 h6 21.f4 Bxf4 22.gxf4 hxg5
23.fxg5 Nd7 24.Rf1 Rf7 25.c6 Ne5 26.Kh1 Qe8 27.Rf4 N7xc6 28.dxc6 Be6 29.Nd5 Qxc6
30.Rh4 e3 31.Kg1 Re8 32.Rh6 Bxd5 33.Rxd5 Kf8 34.Rh8+ Ke7 35.Bxe5 Rxh8 36.Bxh8 f4
37.Bf6+ Kf8 38.Qd1 Rd7 39.Be5  1-0

[Event "WGM"]
[Site "Bad Homburg GER"]
[Date "2007.07.13"]
[Round "7"]
[White "Zhao Xue"]
[Black "Socko,M"]
[Result "1-0"]
[WhiteElo "2500"]
[BlackElo "2479"]

1.Nf3 Nf6 2.c4 g6 3.Nc3 Bg7 4.d4 d6 5.e4 O-O 6.Be2 e5 7.O-O Nc6 8.d5 Ne7
9.Nd2 a5 10.a3 Bd7 11.b3 c6 12.Bb2 c5 13.Nb5 Ne8 14.Bc3 f5 15.b4 b6 16.bxa5 bxa5
17.a4 fxe4 18.Nxe4 Nf5 19.Rb1 Qh4 20.Bd3 Bh6 21.Re1 Ra6 22.Rb2 Nd4 23.Nxd4 exd4
24.Bd2 Bxd2 25.Qxd2 Nf6 26.Rb7 Nxe4 27.Rxe4 Qd8 28.h4 Rf7 29.h5 gxh5 30.Rf4 Rg7
31.Qe2 Rb6 32.Rxb6 Qxb6 33.Qxh5 Qd8 34.g3 Qe7 35.Qh6 Bxa4 36.Rf6 Be8 37.Rxd6 a4
38.Bf5 Kh8 39.Ra6 Bd7 40.Bxd7 Qxd7 41.Qf6 Qe8 42.Rd6 Qe1+ 43.Kh2 h5 44.Qf8+ Kh7
45.Qf5+ Kh8 46.Rd8+  1-0

[Event "Open"]
[Site "Banska Stiavnica SVK"]
[Date "2007.07.14"]
[Round "8"]
[White "Priborsky,J"]
[Black "Dochev,D"]
[Result "1/2-1/2"]
[WhiteElo "2338"]
[BlackElo "2405"]

1.Nf3 Nf6 2.d4 g6 3.c4 Bg7 4.Nc3 O-O 5.e4 d6 6.Be2 e5 7.O-O Nc6 8.d5 Ne7
9.b4 Nh5 10.Re1 Nf4 11.Bf1 a5 12.bxa5 Rxa5 13.a4 Ra8  1/2-1/2

[Event "Open A"]
[Site "Oberwart AUT"]
[Date "2007.07.14"]
[Round "8"]
[White "Saric,A"]
[Black "Jedynak,R"]
[Result "1/2-1/2"]
[WhiteElo "2499"]
[BlackElo "2540"]

1.d4 Nf6 2.c4 g6 3.Nc3 Bg7 4.e4 d6 5.Nf3 O-O 6.Be2 e5 7.O-O Nc6 8.d5 Ne7
9.Ne1 Nd7 10.Nd3 f5 11.Bd2 Nf6 12.f3 Kh8 13.Rc1 c6 14.dxc6  1/2-1/2

[Event "XII Open"]
[Site "Balaguer ESP"]
[Date "2007.07.17"]
[Round "2"]
[White "Bhat,V"]
[Black "Trepat Herranz,J"]
[Result "1-0"]
[WhiteElo "2450"]
[BlackElo "2182"]

1.d4 Nf6 2.Nf3 g6 3.c4 Bg7 4.Nc3 O-O 5.e4 d6 6.Be2 e5 7.O-O Nc6 8.d5 Ne7
9.Ne1 Ne8 10.Nd3 f5 11.f3 f4 12.g4 h5 13.h3 Bf6 14.Bd2 Rf7 15.Be1 Rh7 16.Bf2 hxg4
17.hxg4 Bh4 18.Kg2 g5 19.Rh1 Ng6 20.c5 Bd7 21.Qb3 Rb8 22.Qc4 Bxf2 23.Kxf2 Qc8
24.c6 bxc6 25.dxc6+ Be6 26.Qa4 a5 27.Qxa5 Ra8 28.Qb5 Rb8 29.Qa4 Ra8 30.Qb5 Rb8
31.Qa4 Ra8 32.Qd1 Qa6 33.Rxh7 Kxh7 34.Rc1 Qxc6 35.Ke1 Qb6 36.Kd2 c5 37.b3 c4
38.bxc4 Bxc4 39.Qg1 Qa5 40.Rb1 Rc8 41.Qb6 Qa3 42.Qb4 Qa7 43.Qb7+ Rc7 44.Qxa7 Rxa7
45.a4 Nc7 46.Rb4 d5 47.Nc5 Bxe2 48.Kxe2 d4 49.Nd5 Na6 50.Rb7+ Rxb7 51.Nxb7 Kg7
52.a5 Nf8 53.Kd3 Kf7 54.Kc4 Nd7 55.Kb5 Ndb8 56.Kc4 Ke6 57.Nd8+ Kd7 58.Nf7 Nc6
59.Nxg5 Nxa5+ 60.Kb5 Nb3 61.Kxa6 d3 62.Nc3 Nd4 63.Ka5 Nc2 64.Ka4 d2 65.Nh3 Nd4
66.Nd1 Nxf3 67.Kb3 Kd6 68.Kc3 Ke6 69.Kd3 Kf6 70.Ke2 Nh2 71.Ndf2  1-0

[Event "XII Open"]
[Site "Balaguer ESP"]
[Date "2007.07.17"]
[Round "2"]
[White "Mascaro March,P"]
[Black "Iswarya,S"]
[Result "1-0"]
[WhiteElo "2390"]
[BlackElo "2072"]

1.d4 Nf6 2.c4 g6 3.Nc3 Bg7 4.e4 d6 5.Nf3 O-O 6.Be2 e5 7.O-O Nc6 8.d5 Ne7
9.Ne1 Nd7 10.Be3 f5 11.f3 f4 12.Bf2 g5 13.Rc1 Ng6 14.c5 Nf6 15.cxd6 cxd6
16.Nb5 Rf7 17.Nxa7 Bd7 18.Qb3 g4 19.Qxb7 Rb8 20.Qc7 Qf8 21.Nd3 g3 22.hxg3 fxg3
23.Bxg3 Bh6 24.Rc2 Nh5 25.Bf2 Ngf4 26.Nxf4 Nxf4 27.Qc4 Qg7 28.g4 Nh3+ 29.Kg2 Nxf2
30.Rxf2 Be3 31.Nc6 Bxg4 32.Kf1 Bh3+ 33.Ke1 Bxf2+ 34.Kxf2 Qg2+ 35.Ke1 Rbf8
36.Rc3 Qg1+ 37.Kd2 Rg7 38.Qb4 Qf2 39.Qxd6 Bf1 40.Re3 Rxf3 41.Qe6+ Rff7 42.Nxe5 Bxe2
43.Rxe2 Qd4+ 44.Nd3 Rg3 45.Qe8+ Rf8 46.Qe6+ Rf7 47.Qc8+ Rf8 48.Qc3 Qg1 49.d6 Rf1
50.Kc2 Ra1 51.Qc4+ Kh8 52.Rd2 Qb1+ 53.Kc3 Qc1+ 54.Rc2 Qe1+ 55.Kb3 Qf1 56.Qd4+ Kg8
57.Rc8+ Kf7 58.Rc7+ Kf8 59.Qh8+ Rg8 60.Rc8+  1-0

[Event "Open"]
[Site "Ghent BEL"]
[Date "2007.07.17"]
[Round "8"]
[White "Gregoir,C"]
[Black "Timoshenko,G"]
[Result "1-0"]
[WhiteElo "2281"]
[BlackElo "2559"]

1.d4 Nf6 2.c4 g6 3.Nc3 Bg7 4.e4 d6 5.Be2 O-O 6.Nf3 e5 7.O-O Nc6 8.d5 Ne7
9.b4 c6 10.Nd2 a5 11.bxa5 Qxa5 12.Qc2 c5 13.Nb3 Qd8 14.a4 Nd7 15.Nb5 Ra6
16.Be3 f5 17.f3 f4 18.Bf2 g5 19.Rfb1 Kh8 20.a5 Rf6 21.Qc3 Ng8 22.h3 Bf8 23.Kf1 Rg6
24.Ke1 h5 25.Kd2 Nh6 26.Rh1 Kg7 27.Kc2 Be7 28.Rag1 Kh7 29.Kb2 Nf7 30.Kc2 Ra8
31.Ra1 Kg7 32.Rag1 Nf6 33.Ra1 Bd7 34.Rhb1 Ne8 35.Kd3 Bc8 36.Kc2 Nf6 37.Rh1 Nd7
38.Rhb1 Nb8 39.Kd2 Na6 40.Nc1 g4 41.hxg4 hxg4 42.Nd3 g3 43.Be1 Kg8 44.Kc2 Rh6
45.Bd2 Rh2 46.Rg1 Nb8 47.Raf1 Bf8 48.Ra1 Bd7 49.Bf1 Na6 50.Be2 Qh4 51.Rae1 Be7
52.Qb3 Bd8 53.Bc3 Qe7 54.Ra1 Bc8 55.Qb2 Nb8 56.Kd2 Nd7 57.Kc2 Nf8 58.Ne1 Ng6
59.Kd2 Nh4 60.Kd3 Kg7 61.Qd2 Kg6 62.Qb2 Qd7 63.Qd2 Bf6 64.Qb2 Qe7 65.Qd2 Ng5
66.Qd1 Nf7 67.Rb1 Qd8 68.Ra1 Bd7 69.Rb1 Kg7 70.Qd2 Be8 71.Na3 Qd7 72.Rb6 Bd8
73.Qxf4 Ng6 74.Qxg3 Rh6 75.Rb3 Bxa5 76.Nec2 Bd8 77.Ne3 Bh4 78.Qg4 Qxg4 79.Nxg4 Rh8
80.g3 Bd8 81.f4 b6 82.fxe5 dxe5 83.Nc2 Bd7 84.Nce3 Re8 85.Rf1 Nd6 86.Nf5+ Bxf5
87.exf5  1-0

[Event "Campeonato Continental Absolut"]
[Site "Cali COL"]
[Date "2007.07.18"]
[Round "9"]
[White "Markzon,G"]
[Black "Rios,Cr2"]
[Result "0-1"]
[WhiteElo "2237"]
[BlackElo "2013"]

1.d4 Nf6 2.c4 g6 3.Nc3 Bg7 4.e4 d6 5.Nf3 O-O 6.Be2 e5 7.O-O Nc6 8.d5 Ne7
9.Nd2 c5 10.dxc6 bxc6 11.b4 d5 12.cxd5 cxd5 13.exd5 Nfxd5 14.Nxd5 Nxd5 15.Ne4 Bf5
16.Bg5 f6 17.Bc4 Bxe4 18.f3 Kh8 19.fxe4 Nb6  0-1

[Event "Heart of Finland"]
[Site "Jyvaskyla FIN"]
[Date "2007.07.18"]
[Round "6"]
[White "Malakhatko,V"]
[Black "Vainio,V"]
[Result "1/2-1/2"]
[WhiteElo "2596"]
[BlackElo "2180"]

1.d4 d6 2.Nf3 g6 3.c4 Bg7 4.Nc3 Nf6 5.e4 O-O 6.Be2 e5 7.O-O Nc6 8.d5 Ne7
9.b4 a5 10.Ba3 axb4 11.Bxb4 Nd7 12.a4 b6 13.a5 bxa5 14.Bxa5 Ba6 15.Qc2 Nc8
16.Ra3 Ncb6 17.Qa2 Nc5 18.Bb4 Nbd7 19.Nd2 Bb7 20.Nb3 Na6 21.Ba5 f5 22.Nb5 Nf6
23.exf5 gxf5 24.Be1 Kh8 25.Na5 Bc8 26.Nc6 Qd7 27.f4 Ne4 28.fxe5 dxe5 29.Nba7 Nac5
30.Nxc8 Rxa3 31.Qxa3 Rxc8 32.Bb4 Ne6 33.Bd3 Nf4 34.g3 Nxd3 35.Qxd3 Re8 36.Qc2 Nd6
37.Bxd6 Qxd6 38.Rxf5 e4 39.Rf2 e3 40.Re2 Qf6 41.Qd3 Rf8 42.Rxe3 Qf2+ 43.Kh1 Ra8
44.Na7 Rxa7 45.Re8+ Bf8 46.Rxf8+ Qxf8 47.Qd4+ Kg8 48.Qxa7 Qf1+ 49.Qg1 Qf3+  1/2-1/2

[Event "11th Festival Open A"]
[Site "Senta SRB"]
[Date "2007.07.21"]
[Round "1"]
[White "Pavlovic,Milo2"]
[Black "Valis,J"]
[Result "1/2-1/2"]
[WhiteElo "2438"]
[BlackElo "2157"]

1.d4 Nf6 2.c4 g6 3.Nc3 Bg7 4.e4 d6 5.Nf3 O-O 6.Be2 e5 7.O-O Nc6 8.d5 Ne7
9.Ne1 Nd7 10.Be3 f5 11.f3 a5 12.Nd3 b6 13.a4 Ba6 14.Nb5 Nc5 15.Nf2 fxe4 16.fxe4 Kh8
17.Ra3 Ng8 18.Qd2 Bxb5 19.axb5 Rxf2 20.Bxf2 Nxe4 21.Qe3 Nxf2 22.Qxf2 Nh6
23.g4 Qe7 24.Rh3 Rf8 25.Qh4 Qxh4 26.Rxf8+ Bxf8 27.Rxh4 Bg7 28.Rh3 e4 29.b3 Nf7
30.Kf1 Bd4 31.Rg3 h6 32.g5 hxg5 33.Rg4 Ne5 34.Rxe4 Bc5 35.Bg4 Kg7 36.Ke2 Bg1
37.h3 Kf6 38.Kd2 Bc5 39.Kc2 Bb4 40.Be6 Bc5 41.Re1 Bb4 42.Rf1+ Kg7 43.Bc8 Bc5
44.Kc3 Bb4+ 45.Kd4 Bc5+ 46.Ke4 Bb4 47.Rh1 Bc5 48.Rf1 Bb4 49.Rb1 Bc5 50.Bb7 Bb4
51.Bc6 Bc5 52.Rf1 Bb4 53.Be8 Bc5 54.Rh1 Bb4 55.h4 gxh4 56.Rxh4 Ba3 57.Rh1 Bb4
58.Rg1 Kf6 59.Rf1+ Kg7 60.Bc6 Ba3  1/2-1/2

[Event "MTO"]
[Site "Biel SUI"]
[Date "2007.07.23"]
[Round "1"]
[White "Rodshtein,M"]
[Black "Georg,Mi"]
[Result "1-0"]
[WhiteElo "2586"]
[BlackElo "2235"]

1.d4 Nf6 2.c4 g6 3.Nc3 Bg7 4.e4 d6 5.Be2 O-O 6.Nf3 e5 7.O-O Nc6 8.d5 Ne7
9.Nd2 a5 10.a3 Nd7 11.Rb1 f5 12.b4 Kh8 13.Qc2 Nf6 14.bxa5 Rxa5 15.f3 c6 16.a4 f4
17.Nb3 Ra8 18.dxc6 bxc6 19.Rd1 Qc7 20.Ba3 Rd8 21.a5 Be6 22.Rd2 Bf8 23.Qd1 Neg8
24.Kh1 g5 25.Na4 g4 26.Nb6 Rab8 27.Nc1 Nh6 28.Nd3 c5 29.Bb2 Be7 30.Bc3 Nf7
31.Nd5 Bxd5 32.exd5 Ng5 33.Rdb2 gxf3 34.gxf3 Rxb2 35.Rxb2 Qd7 36.Nf2 Rg8
37.a6 Nh3 38.Nxh3 Qxh3 39.Bf1 Qh5 40.Bd3 Qh6 41.a7 Nh5 42.Rg2 Ng3+ 43.Kg1 Bh4
44.Qa1 Qg7 45.hxg3 Bxg3 46.Kf1 Ra8 47.Qa6 Qd7 48.Bxe5+ dxe5 49.Qf6+ Qg7 50.Qxg7+ Kxg7
51.Ra2  1-0

[Event "Open NK"]
[Site "Dieren NED"]
[Date "2007.07.24"]
[Round "1"]
[White "L'Ami,E"]
[Black "Kleijn,C"]
[Result "0-1"]
[WhiteElo "2598"]
[BlackElo "2194"]

1.d4 Nf6 2.c4 g6 3.Nc3 Bg7 4.e4 d6 5.Nf3 O-O 6.Be2 e5 7.O-O Nc6 8.d5 Ne7
9.Ne1 Nd7 10.f3 f5 11.g4 a5 12.Ng2 Kh8 13.Be3 Ng8 14.h4 Bh6 15.g5 f4 16.Bf2 Bg7
17.Kh2 Nc5 18.Rh1 Bd7 19.Bf1 Rf7 20.Ne1 Bf8 21.Bxc5 dxc5 22.Nd3 Bd6 23.Bh3 h6
24.Qg1 Bxh3 25.Kxh3 Rh7 26.Qg4 hxg5 27.Kg2 gxh4 28.Rag1 Kg7 29.Kf2 Rh6 30.Ne2 Qe7
31.Ke1 Nf6 32.Qg5 Nd7 33.Qg4 Nb6 34.b3 a4 35.Nec1 axb3 36.axb3 Nd7 37.Nf2 b5
38.Nh3 Nf6 39.Qg2 Nh5 40.Ng5 Ng3 41.Ne6+ Kf7 42.Rh2 bxc4 43.bxc4 Ra3 44.Qb2 Re3+
45.Kd1 Qe8 46.Qa1 Rh5 47.Ne2 Rxf3 48.Rxh4 Nxe2 49.Rxh5 Nxg1 50.Ng5+ Kf6 51.Nxf3 Nxf3
52.Rh1 Nd4 53.Qa2 Qd7 54.Qa8 Qg4+ 55.Kc1 Qd7 56.Qh8+ Qg7 57.Qd8+ Be7 58.Qxc7 Qf8
59.Kb2 Qd8 60.Qb7 Qa5 61.Rc1 f3  0-1

[Event "ITT"]
[Site "Vicente Lopez ARG"]
[Date "2007.07.24"]
[Round "2"]
[White "Fusco,L"]
[Black "Iermito,S"]
[Result "1/2-1/2"]
[WhiteElo "2332"]
[BlackElo "2319"]

1.d4 Nf6 2.c4 g6 3.Nc3 Bg7 4.e4 d6 5.Be2 O-O 6.Nf3 e5 7.O-O Nc6 8.d5 Ne7
9.b4 a5 10.Ba3 axb4 11.Bxb4 b6 12.a4 Bd7 13.Qc2 Re8 14.Rfd1 Bf8 15.Nb5 Nc8
16.a5 c5 17.Be1 bxa5 18.Nd2 Nh5 19.Bxh5 gxh5 20.Nf1 Bh6 21.Ng3 h4 22.Nf5 Bxf5
23.exf5 e4 24.Qe2 Bg7 25.Qg4 Kh8 26.Ra3 Qe7 27.Rxa5 Nb6 28.Qe2 Be5  1/2-1/2

[Event "ch-ITA U20"]
[Site "Fiuggi ITA"]
[Date "2007.07.25"]
[Round "8"]
[White "Bellemo,D"]
[Black "Pesce,G"]
[Result "0-1"]
[WhiteElo "2067"]
[BlackElo "2000"]

1.d4 Nf6 2.c4 g6 3.Nc3 Bg7 4.e4 d6 5.Nf3 O-O 6.Be2 e5 7.O-O Nc6 8.d5 Ne7
9.Ne1 Nd7 10.Be3 f5 11.f3 f4 12.Bf2 h5 13.Nd3 g5 14.c5 Nf6 15.cxd6 cxd6 16.a4 Ng6
17.Rc1 g4 18.Nb5 g3 19.hxg3 fxg3 20.Bxg3 Bh6 21.Rc3 h4 22.Bh2 Be3+ 23.Nf2 Bb6
24.b4 a5 25.bxa5 Bxa5 26.Rc4 Nh5 27.Qc2 Bb6 28.Rb1 Qg5 29.Nc7 Ngf4 30.Bf1 Nh3+
31.Kh1 Nxf2+ 32.Kg1 Ng4+ 33.Rxb6 Qe3+ 34.Kh1 Ng3+ 35.Bxg3 hxg3  0-1

[Event "ch-ITA U20"]
[Site "Fiuggi ITA"]
[Date "2007.07.26"]
[Round "9"]
[White "Pomaro,A"]
[Black "Caprio,G"]
[Result "0-1"]
[WhiteElo "2149"]
[BlackElo "1961"]

1.d4 Nf6 2.c4 g6 3.Nc3 Bg7 4.e4 d6 5.Nf3 O-O 6.Be2 e5 7.O-O Nc6 8.d5 Ne7
9.Nd2 Ne8 10.b4 f5 11.c5 Nf6 12.f3 f4 13.a4 g5 14.Ba3 Ng6 15.b5 dxc5 16.Bxc5 Rf7
17.a5 Bf8 18.Bf2 h5 19.b6 cxb6 20.axb6 a6 21.Nb5 g4 22.Nc7 g3 23.hxg3 fxg3
24.Bxg3 h4 25.Bf2 Nf4 26.Ne6 Bxe6 27.dxe6 Rg7 28.Nc4 N6h5 29.Ne3 Rxg2+ 30.Kh1 Ng3+
31.Bxg3 hxg3 32.Nxg2 Qf6  0-1

[Event "Open NK"]
[Site "Dieren NED"]
[Date "2007.07.27"]
[Round "4"]
[White "Ikonnikov,Vy"]
[Black "Saravanan,V1"]
[Result "1-0"]
[WhiteElo "2558"]
[BlackElo "2355"]

1.d4 Nf6 2.Nf3 g6 3.c4 Bg7 4.Nc3 O-O 5.e4 d6 6.Be2 e5 7.O-O Nc6 8.d5 Ne7
9.Ne1 Nd7 10.Be3 f5 11.f3 f4 12.Bf2 g5 13.a4 a5 14.Nd3 b6 15.b4 axb4 16.Nxb4 Nc5
17.Nd3 Nb7 18.Nc1 Rf7 19.Nb3 Ng6 20.Nb5 Bf8 21.Be1 Na5 22.Nxa5 bxa5 23.c5 h5
24.Bc3 Rg7 25.Qe1 g4 26.fxg4 hxg4 27.g3 Qg5 28.Bc4 Rh7 29.Qd2 Qh5 30.Qg2 Bh6
31.Rae1 f3 32.Qb2 Nf4 33.cxd6 Ng2 34.h4 Bf4 35.d7 Bxd7 36.d6+ Kf8 37.Nxc7 Bxg3
38.Qxg2 Qxh4 39.Bxe5 Bxe1 40.Rxf3+ gxf3 41.Qg8+  1-0

[Event "Quebec Open"]
[Site "Montreal CAN"]
[Date "2007.07.27"]
[Round "8"]
[White "Gerzhoy,L"]
[Black "De la Paz Perdomo,F"]
[Result "1-0"]
[WhiteElo "2407"]
[BlackElo "2452"]

1.Nf3 Nf6 2.c4 g6 3.Nc3 Bg7 4.e4 d6 5.d4 O-O 6.Be2 e5 7.O-O Nc6 8.d5 Ne7
9.b4 Nh5 10.Re1 f5 11.Ng5 Nf6 12.Bf3 Rb8 13.Bb2 Kh8 14.Qb3 b6 15.Rad1 Ne8
16.Qa4 a5 17.bxa5 Ra8 18.Ne6 Bxe6 19.dxe6 Rxa5 20.Qd7 Nf6 21.Qxd8 Rxd8 22.Nd5 Nexd5
23.cxd5 Rxa2 24.Rd2 Re8 25.g3 Ra4 26.exf5 gxf5 27.Bg2 Ng8 28.Bf1 Ra5 29.Bc3 Ra3
30.Rc1 Ne7 31.Bb2 Ra7 32.Bb5 Rg8 33.Kf1 e4 34.Bxg7+ Kxg7 35.g4 Kf6 36.gxf5 Kxf5
37.f3 e3 38.Rd4 Rf8 39.Ke2 Ra2+ 40.Kxe3 Ra3+ 41.Kf2 Ke5 42.Re4+ Kf6 43.Rf4+ Nf5
44.Rxf5+  1-0

[Event "11th Festival Open A"]
[Site "Senta SRB"]
[Date "2007.07.27"]
[Round "9"]
[White "Ristic,Neb2"]
[Black "Brenjo,S"]
[Result "0-1"]
[WhiteElo "2346"]
[BlackElo "2485"]

1.d4 Nf6 2.c4 g6 3.Nc3 Bg7 4.e4 d6 5.Nf3 O-O 6.Be2 e5 7.O-O Nc6 8.d5 Ne7
9.b4 Nh5 10.Re1 h6 11.c5 f5 12.Nd2 Nf6 13.f3 f4 14.Nc4 g5 15.a4 Ng6 16.Ba3 Rf7
17.b5 Bf8 18.cxd6 cxd6 19.a5 Rg7 20.h3 h5 21.Kf2 g4 22.Rh1 gxh3 23.gxh3 Ne8
24.Bf1 Bd7 25.b6 a6 26.Qb3 Rc8 27.Bb4 Nh4 28.Nd2 Qg5 29.Ke2 Qg3 30.Qb1 Ng2
31.Kd3 Qf2 32.Kc2 Ne3+ 33.Kd3 Nxf1 34.Rxf1 Bb5+ 35.Kc2 Qd4 36.Qb2 Rg2 37.Rfd1 Be2
38.Kb3 Bxf3 39.Rg1 Bg7 40.Rxg2 Bxg2 41.Ka3 f3 42.Nb3 Qe3 43.Rc1 f2 44.Nd2 Bh6
45.Rd1 Qxd2 46.Rxd2 Bxd2 47.Qxd2 f1=Q 48.Qg5+ Ng7 49.h4 Bxe4 50.Qe7 Qc1+
51.Kb3 Qc2+ 52.Ka3 Rxc3+ 53.Bxc3 Qxc3+  0-1

[Event "Open Women Bulgarian Ch"]
[Site "Vratsa BUL"]
[Date "2007.07.28"]
[Round "5"]
[White "Todorova,K"]
[Black "Georgieva,E"]
[Result "0-1"]
[WhiteElo "1729"]
[BlackElo "2023"]

1.d4 Nf6 2.c4 g6 3.Nc3 Bg7 4.Nf3 d6 5.e4 Nc6 6.Be2 O-O 7.O-O e5 8.d5 Ne7
9.Nh4 h6 10.Bd2 g5 11.Nf3 Ng6 12.Qc1 Nf4 13.Re1 Nxe2+ 14.Rxe2 Bg4 15.Be3 Qd7
16.h4 Bxf3 17.gxf3 Qh3 18.hxg5 hxg5 19.Bxg5 Qxf3 20.Re3 Qh5 21.Rg3 Ng4 22.Rg2 f6
23.Bd2 Kf7 24.Ne2 Rh8 25.Ng3 Qh3 26.f3 Nh6 27.Kf2 f5 28.Qg1 Bf6 29.Bxh6 Qxh6
30.Nxf5 Qd2+ 31.Kf1 Qd3+ 32.Kf2 Rh7 33.Rd1 Qc2+ 34.Ke3 Qa4 35.c5 Rd8 36.cxd6 cxd6
37.Rc1 Qa5 38.Qd1 Qb6+ 39.Kd3 Qa6+ 40.Kd2 Rd7 41.Qc2 Qxa2 42.Ke3 Qa6 43.Qc8 Qb6+
44.Kd3 Qb3+ 45.Rc3 Qd1+ 46.Ke3 Qe1+ 47.Re2 Bg5+ 48.Kd3 Qd1+ 49.Kc4 Qxe2+
50.Rd3 b5+ 51.Kc3 b4+ 52.Kc4 Qc2+ 53.Rc3 Qe2+ 54.Kb3 Qd1+ 55.Kxb4 a5+ 56.Kb5 Qe2+
57.Kc6 Kg6 58.Qe8+ Rdf7 59.Qe6+ Bf6 60.Kxd6 Qxb2 61.Rc8 Qb6+ 62.Rc6 Qb4+
63.Rc5 Qb8+ 64.Kc6 Qb7+ 65.Kd6 Rd7+  0-1

[Event "2nd Crete Summer Cup"]
[Site "Agios Nikolaos GRE"]
[Date "2007.07.29"]
[Round "9"]
[White "Pountzas,H"]
[Black "Makropoulou,M"]
[Result "1/2-1/2"]
[WhiteElo "2238"]
[BlackElo "2266"]

1.c4 g6 2.Nf3 Bg7 3.d4 Nf6 4.Nc3 d6 5.e4 O-O 6.Be2 e5 7.O-O Nc6 8.d5 Ne7
9.Ne1 Nd7 10.Nd3 f5 11.Bd2 fxe4 12.Nxe4 Nf5 13.Re1 h6 14.Rc1 Nf6 15.Bf3 Nh7
16.c5 h5 17.cxd6 cxd6 18.Qa4 Rf7 19.Rc4 Bd7 20.Qa5 b6 21.Qa6 Bf8 22.a4 Bc8
23.Qb5 a6 24.Qb4 a5 25.Qa3 Ba6 26.Rcc1 Nd4 27.Bd1 Bb7 28.Qa2 Qh4 29.b4 Bc8
30.bxa5 bxa5 31.f3 g5 32.Be3 g4 33.Bf2 Qd8 34.fxg4 hxg4 35.Qd2 Bd7 36.Bg3 Rb8
37.Ndf2 Nb3 38.Bxb3 Rxb3 39.Rc4 Qb6 40.Qc1 Rb4 41.Rc7 Rxa4 42.Kh1 Ra1 43.Qxa1 Qxc7
44.Qd1 Qc8 45.Qd2 Qd8 46.Qe2 Qc8 47.Qd2 a4 48.Qb4 Qa6 49.Kg1 Bf5 50.Nc3 Nf6
51.Bh4 Rb7 52.Qa3 Rb3 53.Qc1 Nh7 54.Nfe4 Qc4 55.Nf6+ Nxf6 56.Qg5+ Bg7 57.Qxf5 Qxc3
58.Rf1 e4 59.Bxf6 Bxf6 60.Qg6+ Bg7 61.Qf7+ Kh7 62.Qf5+ Kh8 63.Qh5+ Kg8 64.Qf7+ Kh7
65.Qf5+  1/2-1/2

[Event "ITT"]
[Site "Vicente Lopez ARG"]
[Date "2007.07.29"]
[Round "6"]
[White "Lopez Gonzalez,D"]
[Black "Fusco,L"]
[Result "0-1"]
[WhiteElo "2184"]
[BlackElo "2332"]

1.Nf3 Nf6 2.c4 g6 3.Nc3 Bg7 4.e4 d6 5.d4 O-O 6.Be2 e5 7.O-O Nc6 8.d5 Ne7
9.Ne1 Nd7 10.Be3 f5 11.f3 f4 12.Bf2 g5 13.a4 h5 14.a5 Ng6 15.Nb5 Nf6 16.Nxa7 Bd7
17.c5 g4 18.c6 g3 19.hxg3 fxg3 20.Bxg3 Rxa7 21.cxd7 Nxd7 22.Nd3 Nf4 23.Bf2 Ra8
24.Kh2 h4 25.Rh1 Rf6 26.Bf1 Rg6 27.Kg1 Bf6 28.b4 Qf8 29.Rc1 Qd8 30.Rc2 Nf8
31.Qe1 Rg7 32.Bxh4 N8g6 33.Bxf6 Qxf6 34.Nxf4 exf4 35.Qc3 Ne5 36.b5 Rxa5 37.b6 Rc5
38.Qa3 Nxf3+ 39.Qxf3 Rxc2 40.Qd1 Qb2 41.Rh2 Qxb6+ 42.Kh1 Qf2 43.e5 f3 44.Qxf3 Qxf3
45.gxf3 Rxh2+ 46.Kxh2 dxe5  0-1

[Event "MTO"]
[Site "Biel SUI"]
[Date "2007.07.30"]
[Round "7"]
[White "Roiz,M"]
[Black "Klenburg,M"]
[Result "1/2-1/2"]
[WhiteElo "2630"]
[BlackElo "2387"]

1.Nf3 Nf6 2.c4 g6 3.d4 Bg7 4.Nc3 O-O 5.e4 d6 6.Be2 e5 7.O-O Nc6 8.d5 Ne7
9.Nd2 a5 10.a3 Bd7 11.b3 Nc8 12.Bb2 Nb6 13.Qc2 Qe7 14.b4 axb4 15.axb4 Bh6
16.Rfd1 Nh5 17.g3 Nf6 18.Ra5 Bg4 19.Nb3 Bxe2 20.Qxe2 Qd7 21.Rda1 Qh3 22.Rxa8 Rxa8
23.Rxa8+ Nxa8 24.Qf3 Ne8 25.c5 Qd7 26.Qd1 Bf8 27.Qa1 Qc8 28.Qa7 c6 29.b5 cxd5
30.Nxd5 dxc5 31.Bxe5 Nac7 32.Nxc7 Nxc7 33.Qb6 Ne6 34.Na5 Qd7 35.Nxb7 Qd1+
36.Kg2 Qe2 37.Qc6 Ng5 38.Qf6 Qxe4+ 39.Kf1 Qd3+ 40.Kg2  1/2-1/2

[Event "MTO"]
[Site "Biel SUI"]
[Date "2007.07.31"]
[Round "8"]
[White "Shipov,S"]
[Black "Jenni,F"]
[Result "1/2-1/2"]
[WhiteElo "2559"]
[BlackElo "2527"]

1.d4 Nf6 2.c4 g6 3.Nc3 Bg7 4.e4 d6 5.Nf3 O-O 6.Be2 e5 7.O-O Nc6 8.d5 Ne7
9.b4 Nh5 10.Re1 f5 11.Ng5 Nf6 12.Bf3 c6 13.Be3 cxd5 14.cxd5 h6 15.Ne6 Bxe6
16.dxe6 fxe4 17.Nxe4 Nxe4 18.Bxe4 d5 19.Bc2  1/2-1/2

[Event "12th Open"]
[Site "Creon FRA"]
[Date "2007.07.31"]
[Round "3"]
[White "Parmentier,X"]
[Black "Gozzoli,Y"]
[Result "1/2-1/2"]
[WhiteElo "2303"]
[BlackElo "2470"]

1.Nf3 Nf6 2.c4 g6 3.Nc3 Bg7 4.e4 d6 5.d4 O-O 6.Be2 e5 7.O-O Nc6 8.d5 Ne7
9.b4 Nh5 10.Re1 f5 11.Ng5 Nf6 12.Bf3 c6 13.b5 h6 14.Ne6 Bxe6 15.dxe6 fxe4
16.Nxe4 Nxe4 17.Bxe4 d5 18.cxd5 cxd5 19.Ba3 dxe4 20.Qxd8 Rfxd8 21.Bxe7 Re8
22.Bc5 Rxe6  1/2-1/2

[Event "Open NK"]
[Site "Dieren NED"]
[Date "2007.07.31"]
[Round "7"]
[White "Khairallah,F"]
[Black "Pruijssers,R"]
[Result "1-0"]
[WhiteElo "2323"]
[BlackElo "2427"]

1.Nf3 Nf6 2.c4 g6 3.Nc3 Bg7 4.e4 d6 5.d4 O-O 6.Be2 e5 7.O-O Nc6 8.d5 Ne7
9.b4 Nh5 10.Re1 f5 11.Ng5 Nf6 12.Bf3 fxe4 13.Ngxe4 Nxe4 14.Nxe4 Nf5 15.Bg5 Qd7
16.Bg4 Qf7 17.Rc1 a5 18.a3 h6 19.Bd2 axb4 20.axb4 Ra2 21.f3 Bd7 22.Ra1 Rxa1
23.Qxa1 b5 24.Qa2 bxc4 25.Qxc4 c6 26.Bxf5 gxf5 27.Nxd6 Qxd5 28.Bc3 e4 29.Bxg7 Kxg7
30.Qc5 Qd2 31.Rf1 e3 32.Qe5+ Kg8 33.Nc4 Qd3 34.Qg3+ Kh7 35.Ne5 Qd6 36.f4 e2
37.Re1 Rg8 38.Qf2 Be8 39.Rxe2 Qxb4 40.h3 Rg7 41.Rb2 Qa3 42.Kh2 Qa7 43.Qd2 Qc7
44.Qd3 Bd7 45.Rc2 Re7 46.Rc5 Kg7 47.Qg3+ Kh7 48.Qg6+ Kh8 49.Qxh6+ Kg8 50.Ng6 Re8
51.Ne5 Re7 52.Nxd7 Qxd7 53.Rxc6 Rg7 54.Qe6+ Qxe6 55.Rxe6 Kf7 56.Ra6 Rg8 57.Ra1 Kf6
58.Rg1 Ra8 59.g4 Ra3 60.Rf1 Ra2+ 61.Kg3 Ra8 62.Rf3 Kg6 63.Rb3 Ra6 64.Kh4 Rc6
65.Rb5  1-0

[Event "Open NK"]
[Site "Dieren NED"]
[Date "2007.08.01"]
[Round "8"]
[White "Ikonnikov,Vy"]
[Black "Khairallah,F"]
[Result "1-0"]
[WhiteElo "2558"]
[BlackElo "2323"]

1.d4 Nf6 2.Nf3 g6 3.c4 Bg7 4.Nc3 O-O 5.e4 d6 6.Be2 e5 7.O-O Nc6 8.d5 Ne7
9.Ne1 Nd7 10.Be3 f5 11.f3 f4 12.Bf2 g5 13.a4 a5 14.Nd3 b6 15.b4 axb4 16.Nxb4 Nf6
17.Nd3 Rf7 18.Be1 Bf8 19.Nf2 h5 20.Nb5 Rg7 21.a5 c6 22.dxc6 Nxc6 23.axb6 Rxa1
24.Qxa1 Qxb6 25.Kh1 g4 26.Qa8 Bd7 27.Nd1 g3 28.hxg3 fxg3 29.Bd2 Rh7 30.Be3 Nd4
31.Nxd4 exd4 32.Bg5 d3 33.Bxd3 Qd4 34.Qa3 Ng4 35.Bh4 Ne5 36.Be2 Nxc4 37.Qc3 Qxc3
38.Nxc3 Ne3 39.Rb1 Bh6 40.Rb8+ Kf7 41.Bxg3 Rg7 42.Bf2 Ke6 43.Rh8 Bg5 44.Rxh5 Nxg2
45.Bc4+ d5 46.Nxd5  1-0

[Event "MTO"]
[Site "Biel SUI"]
[Date "2007.08.02"]
[Round "10"]
[White "Cvitan,O"]
[Black "Socko,B"]
[Result "1/2-1/2"]
[WhiteElo "2529"]
[BlackElo "2660"]

1.d4 Nf6 2.Nf3 g6 3.c4 Bg7 4.Nc3 d6 5.e4 O-O 6.Be2 e5 7.O-O Nc6 8.d5 Ne7
9.Kh1 Ne8 10.a4 a5 11.Ne1 f5 12.Nd3 Nf6 13.f3 b6 14.Bd2 f4 15.b4 axb4 16.Nb5 g5
17.Bxb4 g4 18.a5 g3 19.h3 Bxh3 20.gxh3 Qd7 21.Nf2 gxf2 22.Kh2 bxa5 23.Rxa5 Nh5
24.Rxf2 Bf6 25.Bf1 Ng6 26.Rfa2 Rxa5 27.Bxa5 Ra8 28.Nxc7 Rxa5 29.Rxa5 Qxc7
30.Qa4 Nf8 31.Ra8 Ng3 32.Bg2 Ne2 33.Qe8 Qg7 34.Qe6+ Kh8 35.Kh1 Be7 36.Qg4 Qxg4
37.hxg4 Kg8 38.Bf1 Ng3+ 39.Kg2 Nxf1 40.Kxf1 Kf7 41.Ra7 Ke8 42.Ke2 Nd7 43.Kd3 Bd8
44.Kc3 Bb6 45.Ra8+ Kf7 46.Kb4 Bc5+ 47.Kb5 Nf6 48.Kc6 Kg6 49.Rd8 Nxe4 50.fxe4 Kg5
51.Rg8+ Kh4 52.g5 Kh5 53.Kd7 Kg4 54.Rg7 f3 55.Rf7 Kxg5 56.Rxf3 h5 57.Ke6 h4
58.Rf8 h3 59.Rg8+ Kf4 60.Rh8 Kg4 61.Rg8+ Kf3 62.Rh8  1/2-1/2